000 nam a22 7a 4500
999 _c48179
_d48179
003 Nust
005 20170111144358.0
008 170111b xxu||||| |||| 00| 0 eng d
020 _a9788172454098 (pbk)
040 _cNust
082 _a823
_bWEI
100 _a Weinberg, Robert E.
245 _a50 more crime stories
_c Weinberg, Robert E.
260 _aNew Delhi:
_bGoodwill publishing house,
300 _aviii,300p.
650 _aDetective and mystery stories
942 _2ddc
_cBK